Central Library OPAC University of Rajshahi

Creative evolution / (Record no. 28356)

MARC details
000 -LEADER
fixed length control field 00842nam a2200277 4500
001 - CONTROL NUMBER
control field 28356
003 - CONTROL NUMBER IDENTIFIER
rucl marc code BD-RjUL
005 - DATE AND TIME OF LATEST TRANSACTION
control field 20211209051254.0
008 - FIXED-LENGTH DATA ELEMENTS--GENERAL INFORMATION
fixed length control field 140330r19541911enk 001 0 eng d
035 ## - SYSTEM CONTROL NUMBER
System control number (BD-RjUL)28437
System control number (OCoLC)3639363
040 ## - CATALOGING SOURCE
Original cataloging agency XLM
Transcribing agency XLM
Modifying agency OCL
-- m.c
-- EUX
-- BD-RjUL
Language of cataloging eng
041 1# - LANGUAGE CODE
Language code of text/sound track or separate title eng
Language code of original fre
082 04 - DEWEY DECIMAL CLASSIFICATION NUMBER
Classification number 113.8
Author mark and year BEC 1954
100 1# - MAIN ENTRY--PERSONAL NAME
Personal name Bergson, Henri,
Dates associated with a name 1859-1941.
9 (RLIN) 49703
245 10 - TITLE STATEMENT
Title Creative evolution /
Statement of responsibility, etc. by Henri Bergson ; authorized translation by Arthur Mitchell.
260 ## - PUBLICATION, DISTRIBUTION, ETC. (IMPRINT)
Place of publication, distribution, etc. London :
Name of publisher, distributor, etc. Macmillan,
Date of publication, distribution, etc. 1911 [reprinted 1954].
300 ## - PHYSICAL DESCRIPTION
Pagination xv, 425 p. ;
Size 23 cm.
504 ## - BIBLIOGRAPHY, ETC. NOTE
Bibliography, etc Includes index.
650 #0 - SUBJECT ADDED ENTRY--TOPICAL TERM
Topical term or geographic name as entry element Evolution.
9 (RLIN) 86841
Topical term or geographic name as entry element Life.
9 (RLIN) 86842
700 1# - ADDED ENTRY--PERSONAL NAME
Personal name Mitchell, Arthur,
Dates associated with a name 1872-1953
942 ## - ADDED ENTRY ELEMENTS (KOHA)
Source of classification or shelving scheme Dewey Decimal Classification
Koha item type Books
Holdings
Lost status Source of classification or shelving scheme Damaged status Not for loan Collection code Permanent Location Current Location Shelving location Date acquired Source of acquisition Cost, normal purchase price Total Checkouts Full call number Date last seen Date checked out Copy number Koha item type
  Dewey Decimal Classification     Non-fiction Central Library, University of Rajshahi Central Library, University of Rajshahi   06/06/1956 Pak-United. 51.30 1 113.8 BEC 1954 09/11/2022 03/11/2022 C-3 Books
  Dewey Decimal Classification     Non-fiction Central Library, University of Rajshahi Central Library, University of Rajshahi   22/02/1973 Britain, Gift.   1 113.8 BEC 1960 10/10/2019 15/09/2019 C-5 Books
  Dewey Decimal Classification   Not For Loan Non-fiction Central Library, University of Rajshahi Central Library, University of Rajshahi Reading Room 03/01/1956 Oxford University Press 31.80   113.8 BEC 1954 04/12/2016   C-1 Books